Halo Reach Vehicles - Statistics

General Stats
  • This quiz has been taken 1,834 times
    1,831 since last reset
  • The average score is 10 of 20
Answer Stats
Hint Answer % Correct
UNSC Warthog
98%
Covenant Ghost
92%
UNSC Mongoose
91%
UNSC Scorpion
87%
Covenant Wraith
84%
Covenant Banshee
83%
UNSC Pelican
75%
UNSC Falcon
72%
Covenant Phantom
55%
Covenant Revenant
53%
UNSC Sabre
33%
Covenant Scarab
32%
UNSC Frigate
27%
Covenant Seraph
24%
Covenant Shade Turret
23%
Covenant Corvette
22%
UNSC Pillar of Autumn
19%
Covenant Cruiser
18%
Covenant Dropship
14%
UNSC Mac Cannon
6%
No matching quizzes found
Score Distribution
Percent of People with Each Score
Percentile by Number Answered
Your Score History
You have not taken this quiz since the last reset